01007nas a2200277Ia 4500001001600000003001000016008004100026040002500067041001300092100002100105210003600126222003600162245003500198250001100233260000900244501012300253300001400376362002700390500003900417650002500456700002400481942000700505957000600512999003300518952017800551A04/R035-31487 IT-MiCISF161014c99999999xx |||||||||||| ||und|| aIT-MiCISFcIT-MiCISF aITALIANO aPietrantoni Luca aProspettive sociali e sanitarie aProspettive sociali e sanitarie 0aOrientamento sessuale a scuola a1a ed. c2000 bCISF - Centro Internazionale Studi Famiglia - Via Giotto, 36 20145 MILANO (non commercial uses only)cCopyright 2016 app. 18-20 an. 12, 1 luglio [2000] a Tema: educazione-sessuale, scuola aEDUCAZIONEvarticolo a Bertozzo Graziella cCR 71 a31487bSig1c228391d228391 0010406A_04_000000000000000_R0353148771aCISFbCISFd2016-10-14l0oA04/R035-31487 r2016-10-14 00:00:00w2016-10-14yCRzData import 15.10.2016 / by Epidotti, Vaglietti